| 000 | 00380nam a22001697a 4500 | ||
|---|---|---|---|
| 005 | 20160614120904.0 | ||
| 008 | 160614b xxu||||| |||| 00| 0 eng d | ||
| 020 | _a81-8116-015-0 | ||
| 041 | _aeng | ||
| 082 | _b7406 | ||
| 100 |
_aLong, William J _91877 |
||
| 245 | _aEnglish literature | ||
| 260 |
_bMaxford _c2003 |
||
| 300 | _a624 | ||
| 650 |
_aManagement _9241 |
||
| 942 | _cBK | ||
| 999 |
_c2639 _d2638 |
||